000 01041nam a2200253Ia 4500
003 OSt
005 20220923211239.0
006 a|||||r|||| 00| 0
007 ta
008 220922b |||||||| |||| 00| 0 hin d
020 _a9788175552173 (hbk)
_c850
024 _a239,471
037 _b575, 31/01/2009, Eastern Book Linkers
_cTextual
040 _aARTS
_cARTS
_bhin
041 _2hin
_ahin
082 _aY15.2, 152P8
100 _aचन्सोरिया, दिव्या; किरन सिंह
_9160025
245 0 _aसमान नागरिक संहिता
_b महिलाओं की स्थिति
246 _aSamān nāgarik sanhitā: hinilāoan kī sthiti
260 _aनई दिल्ली
_b यूनिवर्सिटी पब्लिकेशन
_c2008
300 _a340पृ.
_ccm.
942 _hY15.2, 152P8
_cTEXL
_2CC
999 _c297609
_d297609